KOHA-Header-6

The Political Economy of Development and Under-Development (Record no. 6069)

000 -LEADER
fixed length control field 00303nam a2200109Ia 4500
008 - FIXED-LENGTH DATA ELEMENTS--GENERAL INFORMATION
fixed length control field 190906s9999||||xx |||||||||||||| ||und||
100 ## - MAIN ENTRY--PERSONAL NAME
Personal name Kenneth P. Jameson
245 #4 - TITLE STATEMENT
Title The Political Economy of Development and Under-Development
260 ## - PUBLICATION, DISTRIBUTION, ETC. (IMPRINT)
Place of publication, distribution, etc New york
Name of publisher, distributor, etc Prentice Hall
Date of publication, distribution, etc 1992
300 ## - PHYSICAL DESCRIPTION
Extent 656
942 ## - ADDED ENTRY ELEMENTS (KOHA)
Koha item type Books
Holdings
Withdrawn status Lost status Source of classification or shelving scheme Damaged status Not for loan Collection code Permanent Location Current Location Shelving location Date acquired Full call number Barcode Date last seen Price effective from Koha item type
          Economics MAJU MAJU Shelf No.A48 2019-09-06 658.848 3662 2019-09-06 2019-09-06 Economics

Powered by Koha